000 00540nam a2200181Ia 4500
008 151202s9999||||xx |||||||||||||| ||und||
082 _bPNVM-73215
100 _aखांडेकर वि.स.
245 _aअस्थी.
260 _b"मेहता पब्लिशिंग हाऊस, पुणे."
260 _c73215
300 _a40
600 _aखांडेकर वि.स.
630 _aअस्थी.
700 _aखांडेकर वि.स.
730 _aअस्थी.
942 _cBOOK
999 _c1339880
_d1339877